书目信息 |
| 题名: |
水上溢油源快速鉴别技术
|
|
| 作者: | 刘敏燕 , 徐恒振 主编 | |
| 分册: | ||
| 出版信息: | 北京 中国环境出版社 2021.6 |
|
| 页数: | 230页 | |
| 开本: | 26cm | |
| 丛书名: | ||
| 单 册: | ||
| 中图分类: | X550.2 | |
| 科图分类: | ||
| 主题词: | 海上溢油--海洋污染--污染测定 , 海上溢油 , 海洋污染 , 污染测定 | |
| 电子资源: | ||
| ISBN: | 978-7-5111-1736-6 | |
| 000 | 01192nam0 2200301 45 | |
| 001 | 012001000479 | |
| 005 | 20130911145545.0 | |
| 010 | @a978-7-5111-1736-6@dCNY45.00 | |
| 100 | @a20141023d2014 em y0chiy50 ea | |
| 101 | 0 | @achi |
| 102 | @aCN@b110000 | |
| 105 | @aa z 000yy | |
| 106 | @ar | |
| 200 | 1 | @a水上溢油源快速鉴别技术@Ashui shang yi you yuan kuai su jian bie ji shu@b专著@dRapid identification technology for oil spill sources on water@f刘敏燕,徐恒振主编@zeng |
| 210 | @a北京@c中国环境出版社@d2021.6 | |
| 215 | @a230页@c图@d26cm | |
| 300 | @a并列题名:Rapid identification technology for oil spill sources on water | |
| 330 | @a本书系统介绍了溢油源快速鉴别方法,通过开展油指纹鉴别,为溢油事故快速鉴定和应急处理提供科学依据,有利于开展针对性的事故调查,提高调查效率。 | |
| 510 | 1 | @aRapid identification technology for oil spill sources on water@zeng |
| 606 | 0 | @a海上溢油@x海洋污染@x污染测定 |
| 606 | 0 | @a海上溢油 |
| 606 | 0 | @a海洋污染 |
| 606 | 0 | @a污染测定 |
| 690 | @aX550.2@v5 | |
| 701 | 0 | @a刘敏燕@Aliu min yan@c(女,@f1960 )@4主编 |
| 701 | 0 | @a徐恒振@Axu heng zhen@f(1957 )@4主编 |
| 801 | 0 | @aCN@bBJSDL@c20211011 |
| 905 | @b1335310-3@dX550.2@e253@f4 | |
| 水上溢油源快速鉴别技术=Rapid identification technology for oil spill sources on water/刘敏燕,徐恒振主编.-北京:中国环境出版社,2021.6 |
| 230页:图;26cm |
| 并列题名:Rapid identification technology for oil spill sources on water |
| ISBN 978-7-5111-1736-6:CNY45.00 |
| 本书系统介绍了溢油源快速鉴别方法,通过开展油指纹鉴别,为溢油事故快速鉴定和应急处理提供科学依据,有利于开展针对性的事故调查,提高调查效率。 |
| ● |
| 相关链接 |
|
|
|
|
正题名:水上溢油源快速鉴别技术
索取号:X550.2/253
 
预约/预借
| 序号 | 登录号 | 条形码 | 馆藏地/架位号 | 状态 | 备注 |
| 1 | 1335310 | 213353100 | 第二样本阅览室/ [索取号:X550.2/253] | 在馆 | |
| 2 | 1335311 | 213353119 | 第三借阅区/ [索取号:X550.2/253] | 在馆 | |
| 3 | 1335312 | 213353128 | 第三借阅区/ [索取号:X550.2/253] | 在馆 | |
| 4 | 1335313 | 213353137 | 第三借阅区/ [索取号:X550.2/253] | 在馆 |